Mude a sua vida em sete dias (Registo nº 16833)
[ vista simples ]
| 000 -Etiqueta do registo | |
|---|---|
| Valores | 00603nam a22001691i 4500 |
| 090 ## - | |
| -- | 16833 |
| 010 ## - Número ISBN | |
| ISBN | 9789892303277 |
| 100 ## - Dados gerais de processamento | |
| Dados gerais | 20170304u u u0frey50 ba |
| 101 0# - Língua de publicação | |
| -- | por |
| 200 1# - Titulo e menção de responsabilidade | |
| Primeira menção de responsabilidade | Paul McKenna |
| Título próprio | Mude a sua vida em sete dias |
| Informação de outro título | chegue onde quiser com o programa motivacional mais seguido em todo o mundo |
| 215 ## - Descrição física | |
| Paginação / Volumes | 191, [1] p. |
| Dimensões | 24 cm |
| 210 ## - Publicação | |
| Nome do editor | Lua de Papel |
| Local de publicação | Alfragide |
| Data de publicação | 2009 |
| 327 ## - Nota de conteúdo | |
| Texto da nota | Contém um Cd de programação da mente |
| 700 #1 - Autor principal (pessoa individual) | |
| Apelido | McKenna |
| Nome | Paul |
| -- | 070 |
| 996 ## - ISO2709 | |
| -- | 0021476 |
| -- | MCK |
| -- | 00000000 |
| -- | 00000000 |
| -- | BMVAAL |
| -- | 3 |
| -- | Alcáçovas |
| -- | Psicologia |
| -- | 25 |
| -- | Livro |
| -- | 0 |
| -- | 1 |
| 990 ## - Elementos KOHA | |
| Tipo de documento | Livro |
| Situação do levantamento | Estado | Biblioteca de origem | Biblioteca de empréstimo | Código de barras | Cota | Permissão de empréstimo | Tipo de documento |
|---|---|---|---|---|---|---|---|
| Completo | Biblioteca Municipal de Viana Do Alentejo | Biblioteca Municipal de Viana Do Alentejo Pólo Alcáçovas | 0022173 | 159.9 MCK | Disponível | Livro |